Представление документа в формате MARC21

Поле Инд. ПП Название Значение
Тип записи a
Библиографический уровень m
001 Контрольный номер UNIDUBNAb8dcad7fcac748689e821c11871b7acb
005 Дата корректировки 20260424113436.1
008 Кодируемые данные 20120911
017 a Номер регистрации авт. права Акт приемки-передачи Произведения № 08/2025, № 08/2025/1, № 08/2025/2 от 04.04.2025
020 a ISBN 978-5-89847-731-8
040 b Код языка каталог. rus
e Правила каталог. PSBO
041 0_ a Код языка текста rus
084 a Индекс другой классификации/Индекс ББК 39.52-02-051.1я73
090 a Полочн. индекс 39.52-02-051.1я73
x Авторский знак Т 666
100 1_ a Автор Третьяков А. В.
q Полное имя Третьяков Артем Владимирович
100 1_ a Автор Пискунова О. И.
q Полное имя Пискунова Оксана Ивановна
100 1_ a Автор Тарасенко А. В.
q Полное имя Тарасенко Андрей Валерьевич
245 10 a Заглавие Проектирование систем автоматического управления для авиационных устройств
b Продолж. заглавия учебное пособие
c Ответственность Государственный университет "Дубна". Инженерно-физический институт; рецензенты Ю.С. Сахаров, А. С. Халиль; редактор Е. В. Григорьева
260 a Место издания Дубна
b Издательство Государственный университет "Дубна"
c Дата издания 2025
300 a Объем 220 с.
336 a Термин вида содержания Текст
337 a Термин типа средства непосредственный + электронный
521 0_ a Примеч. о целев. назн. студенты
650 14 a Основная рубрика авиастроение
a Основная рубрика воздушный транспорт
a Основная рубрика проектирование
a Основная рубрика техника
a Основная рубрика транспорт
653 0_ a Ключевые слова авиационные системы
a Ключевые слова авиационные устройства
a Ключевые слова контур стабилизации
a Ключевые слова контур управления
a Ключевые слова математическое моделирование
a Ключевые слова рулевые приводы
a Ключевые слова системы автоматического управления (САУ)
a Ключевые слова устойчивость
655 a Жанр/ форма (устаревшее) учебное пособие
700 12 a Автор Сахаров Ю. С.
e Роль лиц рецензент
700 12 a Автор Халиль А. С.
e Роль лиц рецензент
700 12 a Автор Григорьева Е. В.
e Роль лиц редактор
720 a Наименование подборки СЭБ5
e Признак/вид подборки Тематические подборки
856 40 a Имя сервера/домена Библиотечная система Университета "Дубна"
d Путь http://lib.uni-dubna.ru/MegaPRO/Web
i Указания/сценарий входа Доступ по номеру читательского билета и фамилии читателя
y Справочный текст Электронная версия
u URL https://lib.uni-dubna.ru/MegaPRO/UserEntry?Action=FindDocs&ids=184074&idb=ec_110
856 40 a Имя сервера/домена ЭБС "Лань"
d Путь http://e.lanbook.com/
i Указания/сценарий входа Доступ по логину и паролю
u URL https://e.lanbook.com/book/516063
v Время доступа к ресурсу 10.04.2026
y Справочный текст Электронная версия
900 a Имя электронного ресурса akt_08_2025_Tretyakov2
900 a Имя электронного ресурса akt_08_2025_Tarasenko
900 a Имя электронного ресурса akt_08_2025_Piskunova
900 a Имя электронного ресурса Tretyakov_Proektirovanie
x Справочная информация Полный текст
900 a Имя электронного ресурса obl_Tretyakov_Proektirovanie
x Справочная информация Обложка
901 t Тип документа m
952 a Тип литературы для КСУ ВШ УИ
954 a Гриф 4.50.10